قضاء النقض في الإيجارات : (Record no. 22259)
[ view plain ]
| 000 -الفاتح | |
|---|---|
| حقل البيانات ثابتة الطول | 01446nam a22002655a 4500 |
| 003 - محدد رقم الضبط | |
| رقم الضبط | OSt |
| 005 - وقت وتاريخ اخر تعامل مع التسجيلة | |
| رقم الضبط | 20160828150427.0 |
| 008 - عناصر البيانات ثابتة الطول - معلومات عامة | |
| حقل البيانات ثابتة الطول | 160828s2010 ua frb 000 0 ara d |
| 015 ## - | |
| -- | 2009/20939 |
| 040 ## - مصدر الفهرسة | |
| وكالة الفهرسة الأصلية | EG-ScBUE |
| لغة الفهرسة | ara |
| وكالة النسخ | EG-ScBUE |
| 043 ## - رمز المنطقة الجغرافية | |
| رمز المنطقة الجغرافية | f-ua--- |
| 082 04 - رقم تصنيف ديوى العشرى | |
| رقم التصنيف | 346.6202 |
| رقم المادة | م ر ا |
| رقم الطبعة | 22 |
| 100 1# - المدخل الرئيسى - إسم شخصى | |
| الإسم الشخصى | المراسي، طارق |
| 9 (RLIN) | 40939 |
| 245 10 - بيان العنوان | |
| العنوان | قضاء النقض في الإيجارات : |
| بقية العنوان | الأحكام والقواعد الصادرة من محكمة النقض عن الفترة من 1/1/2008 حتى 31/7/2009 / |
| بيان المسئوليه,etc | طارق المراسي. |
| 250 ## - بيان الطبعة | |
| بيان الطبعة | ط. 1. |
| 260 ## - PUBLICATION, DISTRIBUTION, ETC. (IMPRINT) | |
| مكان الناشر او الموزع | القاهرة : |
| اسم الناشر او الموزع | دار الحقانية لخدمات الطباعة والتسويق والنشر، |
| تاريخ النشر أو التوزيع | 2010. |
| 300 ## - الوصف المادى | |
| التعداد | 920 ص. ؛ |
| أبعاد الوعاء | 24 سم. |
| 505 0# - تبصرة محتويات-الفهرس | |
| تبصرة المحتويات المصاغة | 1- القواعد العامة في الإيجارات -- 2- تشريعات إيجار وبيع الأماكن -- 3- أحكام وقواعد المرافعات في إيجار الأماكن -- 4- منطوق الأحكام الدستورية الخاصة بقانون إيجار وبيع الأماكن الصادرة بعدم الدستورية من تاريخ الإنشاء وحتى الآن. |
| 650 #7 - المدخل الاضافى بالموضوع-مصطلح موضوعى | |
| مصطلح موضوعي أو اسم جغرافي كعنصر مدخل | الإيجارات |
| التقسيم الفرعي العام | قوانين وتشريعات |
| التقسيم الفرعي الجغرافي | مصر. |
| مصدر الرأس أو المصطلح | BUEsh |
| 9 (RLIN) | 40891 |
| 650 #7 - المدخل الاضافى بالموضوع-مصطلح موضوعى | |
| مصطلح موضوعي أو اسم جغرافي كعنصر مدخل | عقود الإيجار |
| التقسيم الفرعي الجغرافي | مصر. |
| مصدر الرأس أو المصطلح | BUEsh |
| 9 (RLIN) | 40893 |
| 650 #7 - المدخل الاضافى بالموضوع-مصطلح موضوعى | |
| مصطلح موضوعي أو اسم جغرافي كعنصر مدخل | المالك والمستأجر |
| التقسيم الفرعي الجغرافي | مصر. |
| مصدر الرأس أو المصطلح | BUEsh |
| 9 (RLIN) | 40941 |
| 651 ## - المدخل الاضافى بالموضوع - اسم جغرافى | |
| مصدر الرأس أو المصطلح | BUEsh |
| 653 ## - مصطلح تكشيفى غير مقيد | |
| Resource For college | Law |
| Arrived date list | August 2016 |
| 942 ## - عناصر المدخل الإضافي( كوها) | |
| مصدر التصنيف او مخطط الترفيف | Dewey Decimal Classification |
| حالة التراجع | حالة الفقد | مصدر التصنيف او خطة الترفيف | حالة تلف | ليس للاعارة | مجموعات كوها | المكان الدائم | المكان الحالي | موقع الترفيف | تاريخ الاكتساب | Source of acquisition | سعر الشراء الطبيعي | تعداد مسلسل / التسلسل الزمني | رقم الاستدعاء | الباركود | Date last seen | مُعار | التكلفة | نوع الوعاء |
|---|---|---|---|---|---|---|---|---|---|---|---|---|---|---|---|---|---|---|
| Dewey Decimal Classification | دار الفكر العربي | Central Library | Central Library | First floor | 28/08/2016 | Purchase | 100.00 | 15886 | 346.6202 م ر ا | 000033388 | 15/07/2025 | 28/04/2024 | 125.00 | Book - Borrowing | ||||
| Dewey Decimal Classification | دار الفكر العربي | Central Library | Central Library | First floor | 28/08/2016 | Purchase | 100.00 | 15886 | 346.6202 م ر ا | 000033389 | 15/07/2025 | 28/04/2024 | 125.00 | Book - Borrowing |